En torno a un neocapitalismo : Texto del discurso... pronunciado el día 22 de diciembre de 1957... / por el Excmo. Sr. D. Joaquín Buxó de Abaigar... Texto del discurso... pronunciado el día 22 de diciembre de 1957... / por el Excmo. Sr. D. Joaquín Buxó de Abaigar...
Descripción Física:
45 p. ; 24'5 cm
MARC
| LEADER | 00000nam a2200000Ia 4500 | ||
|---|---|---|---|
| 001 | 1748 | ||
| 008 | 160829s9999 xx 000 0 cat d | ||
| 080 | |a FU-4-38 | ||
| 110 | 1 | |a Barcelona (Catalunya : Província). |b President (1949-1967 : Buxó de Abaigar) |9 54218 | |
| 245 | |a En torno a un neocapitalismo : |b Texto del discurso... pronunciado el día 22 de diciembre de 1957... / por el Excmo. Sr. D. Joaquín Buxó de Abaigar... | ||
| 260 | |a Barcelona : |b Sección de Prensa de la Diputación Provincial de Barcelona, [s.a.] | ||
| 300 | |a 45 p. ; |c 24'5 cm | ||
| 650 | |a Barcelona. Diputació |x Presidents |x Discursos |9 23126 | ||
| 710 | 1 | |a Barcelona (Catalunya : Província). |b Diputació |9 52408 | |
| 901 | |a Arxiu | ||
| 942 | |n 1 |2 udc | ||
| 952 | |0 0 |1 0 |4 0 |6 FU438 |7 1 |9 42542 |a Arxiu |b Arxiu |d 2016-12-01 |l 0 |o FU-4-38 |p 1748 |r 2016-12-01 00:00:00 |w 2016-12-01 |y ARXIU | ||
| 999 | |c 45047 |d 45047 | ||